| 000 | 00499nam a2200169Ia 4500 | ||
|---|---|---|---|
| 008 | 241217s9999||||xx |||||||||||||| ||und|| | ||
| 020 |
_a9780132733274 _c69.9 |
||
| 040 |
_beng _cSSK Library _erda |
||
| 082 | _a512.5/FRI | ||
| 100 | _a Stephen H. Friedberg, Arnold J. Insel & Lawrence E. Spence - | ||
| 245 | 0 | _aLinear Algebra | |
| 250 | _a3rd ed | ||
| 260 |
_b Prentice-Hall International, Inc. _c©1997 |
||
| 942 |
_2Dewey Decimal Classification _cBOOK _nNo |
||
| 999 |
_c27987 _d27987 |
||
| 003 | OSt | ||
| 005 | 20241217113101.0 | ||